Lenin / Hermann Weber ; traducció de Miquel Bennàsser
Publicado:
Barcelona :
Edicions 62, Caixa de Catalunya; amb la col·laboració de la Fundació Pere Vergés ,
1993
Descripción Física:
170 p. : il. ; 21 cm
Colección:
Col·lecció Pere Vergés de biografies ; 49
Otros Autores:
Bennàsser, Miquel
Materias:
Lenin, Vladímir Ílitx, -- 1870-1924
MARC
| LEADER | 00000nam a2200000Ia 4500 | ||
|---|---|---|---|
| 001 | 12404 | ||
| 008 | 160829s1993 xx 000 0 cat d | ||
| 080 | |a M-2-305 | ||
| 100 | |a Weber, Hermann |9 27088 | ||
| 245 | |a Lenin / Hermann Weber ; traducció de Miquel Bennàsser | ||
| 260 | |a Barcelona : |b Edicions 62, Caixa de Catalunya; amb la col·laboració de la Fundació Pere Vergés, |c 1993 | ||
| 300 | |a 170 p. : |b il. ; |c 21 cm | ||
| 490 | |a Col·lecció Pere Vergés de biografies ; 49 | ||
| 600 | 1 | 0 | |a Lenin, Vladímir Ílitx, |d 1870-1924 |9 56466 |
| 700 | 1 | |a Bennàsser, Miquel |9 27090 | |
| 901 | |a Arxiu | ||
| 942 | |n 1 | ||
| 952 | |0 0 |1 0 |4 0 |6 M2305 |7 1 |9 44264 |a Arxiu |b Arxiu |d 2016-12-01 |l 0 |o M-2-305 |p 12404 |r 2016-12-01 00:00:00 |w 2016-12-01 |y ARXIU | ||
| 999 | |c 46844 |d 46844 | ||